Statistics for Countries closest to the Australia/Asia Border

Click here to take the quiz!

General Stats

  • This quiz has been taken 96 times
  • The average score is 14 of 16

Answer Stats

ContinentKM awayAnswer% Correct
Asia0Indonesia
100%
Asia3218Malaysia
99%
Australia0Papua New Guinea
97%
Australia1450Solomon Islands
96%
Asia3540SIngapore
93%
Asia3575Brunei
92%
Australia4025Fiji
92%
Australia1470Palau
91%
Australia3500Vanuatu
91%
Australia3620Marshall Islands
90%
Australia2900Nauru
90%
Asia1288East Timor
89%
Australia1295Federated States of Micronesia
88%
Australia177Australia
86%
Asia4150Thailand
86%
Asia1850Phillipines
42%

Score Distribution

Percentile by Number Answered

Percent of People with Each Score

Your Score History

You have not taken this quiz